Pays qui produisent le plus de ciment - Statistiques

Statistiques générales
  • Ce quiz a été pris 32 fois
  • Le résultat moyen est 11 sur 14
Statistiques - réponses
Production (En millions de tonnes) Pays % Correct
1900 Chine
100%
65 Russie
100%
86 États-Unis
97%
46 Japon
94%
68 Brésil
90%
450 Inde
90%
48 Mexique
77%
65 Indonésie
68%
72 Iran
65%
50 Arabie Saoudite
61%
50 Égypte
61%
82 Turquie
61%
52 Corée du sud
58%
110 Vietnam
42%
Aucun quiz correspondant
Distribution des résultats
% des personnes avec chaque résultat
Percentile par nombre de réponses
Votre historique - résultats
Vous n’avez pas pris ce quiz